| 000 | 00667cab a22001935a 4500 | ||
|---|---|---|---|
| 001 | L152481 | ||
| 008 | 110314e20110311xxk f 000 0 eng d | ||
| 035 | _a(Sirsi) u152481 | ||
| 041 | 0 | _aeng | |
| 100 | 1 | _aHibberd, Peter | |
| 245 | 0 | 0 | _aIt's only a game |
| 260 | _c2011 | ||
| 490 |
_aBuilding _v276 (8669) 11 March 2011, 41(1) |
||
| 520 | _aConstruction projects notoriously run over time, but when you are building a venue for an international sports event, time is of the essence; the three principal criteria are time, cost and quality. | ||
| 590 | _aKA | ||
| 651 | 4 |
_aUnited Kingdom _y |
|
| 690 | _aBUILT ENVIRONMENT-CONSTRUCTION MANAGEMENT | ||
| 942 | _n0 | ||
| 999 |
_c82982 _d82982 |
||